00805nam a2200217 a 450000100100000000500170001000800410002702000150006804000250008310000270010824000520013524501340018726000290032130000210035049000160037170000290038770000260041683000230044295201050046599900170057000004383120240301124514.0140506s1974 sp 000 0 spa d a8430620702 aDO-SdBNPbspacBNPHU1 aBurgin, Richard97168710aConversations with Jorge Luis Borgeslespañol10aConversaciones con Jorge Luis Borges /cRichard Burgin ; versión española de Manuel R. Coronado ; revisada por Roberto Yahne. aMadrid :bTaurus,c1974. a161 p. ;c22 cm.1 aPerslesv7012aCoronado, Manuel 97168812aYahne, Roberto971689 0aPerslesv70971690 001050718MOaGRbGRcCTd2014-05-06iLF1l0o p43831-10r2020-06-25w2020-06-25y1ZNo se presta c43320d43320